000 00633nam a2200253Ia 4500
005 20260121153813.0
008 008 260114s9999 xx 000 0 eng d
020 _a9780429160066
037 _aEBOOK
040 _aCRL
040 _beng
040 _cCRL
041 _2eng
041 _aeng
084 _qCRL
100 _aMegh R. Goyal
_9999326
245 0 _aManagement, Performance, and Applications of Micro Irrigation Systems
260 _bTaylor and Francis
260 _c2014
856 _uhttp://www.taylorfrancis.com/books/9780429160066
942 _cEBOOK
999 _c1566147
_d1566147